Comuni della Provincia di Reggio Emilia - Statistics

Statistiche generali
  • Questo quiz è stato fatto 105 volte
  • Il punteggio medio è 29 su 42
Statistiche sulle risposte
Comune % Corretto
Reggio Emilia
91%
Guastalla
87%
Scandiano
85%
Albinea
83%
Correggio
83%
Reggiolo
83%
Cavriago
81%
Bibbiano
79%
Rubiera
77%
Brescello
75%
Casalgrande
75%
Castelnovo ne' Monti
75%
Novellara
75%
Montecchio Emilia
74%
Sant'Ilario d'Enza
74%
Quattro Castella
72%
Viano
72%
Boretto
70%
Rolo
70%
San Polo d'Enza
70%
Villa Minozzo
70%
Bagnolo in Piano
68%
Canossa
68%
Luzzara
68%
Poviglio
68%
Gualtieri
66%
Ventasso
66%
Cadelbosco di Sopra
64%
Campegine
64%
Castellarano
62%
Castelnovo di Sotto
62%
Vezzano sul Crostolo
62%
Toano
60%
Vetto
60%
Rio Saliceto
58%
Baiso
57%
Fabbrico
57%
San Martino in Rio
55%
Carpineti
53%
Gattatico
49%
Campagnola Emilia
43%
Casina
36%
Nessun quiz corrispondente trovato
Distribuzione punteggi
Percentuale di utenti per punteggio
Percentile per numero di risposta
I tuoi punteggi nel tempo
Non hai fatto questo quiz